| 000 | 00821nam a22001337a 4500 | ||
|---|---|---|---|
| 040 | _cRUA | ||
| 082 | _aAGR AN 2010 B064 Or.1 | ||
| 100 | _aAN, CHANKOMAR. | ||
| 245 | _acomparaison des differentes techniques d'irrigation sur le poivr on vert a la station experimentale de l'universite royale d'agriculture (ប្រៀបធៀបបច្ចេកទេសស្រោចស្រពផ្សេងៗគ្នា ទៅលើដំណាំម្ទេសហាវ៉ៃក្នុងស្ថានីយ៍ពិសោធន៍ដំណាំនៃសាកលវិទ្យាល័យភូមិន្ទកសិកម្ម) | ||
| 260 |
_aPhnom Penh _bRUA _c2010 |
||
| 300 |
_aiv, 48p. _bill. _c29cm. |
||
| 856 | _uhttps://drive.google.com/file/d/1VFtLP-GVrlk_ZqBq2WA4GZHnMVh94ztj/view?usp=sharing | ||
| 942 | _cAGR | ||
| 999 |
_c1456 _d1456 |
||